MAASAI MARA UNIVERSITY

LIBRARY CATALOGUE

Contact Us: +254 020 2685356/7 or 0774 057787

Box: 861-20500, NAROK, KENYA

Email: info@mmarau.ac.ke

Understanding intercultural communication / (Record no. 20489)

MARC details
000 -LEADER
fixed length control field 00854cam a22002654a 4500
001 - CONTROL NUMBER
control field 13389400
003 - CONTROL NUMBER IDENTIFIER
control field OSt
005 - DATE AND TIME OF LATEST TRANSACTION
control field 20210226095923.0
008 - FIXED-LENGTH DATA ELEMENTS--GENERAL INFORMATION
fixed length control field 170106b xxu||||| |||| 00| 0 eng d
010 ## - LIBRARY OF CONGRESS CONTROL NUMBER
LC control number 2003064639
020 ## - INTERNATIONAL STANDARD BOOK NUMBER
International Standard Book Number 1891487736
040 ## - CATALOGING SOURCE
Original cataloging agency MMU
Transcribing agency MMU
Modifying agency MMU
Language of cataloging eng
050 00 - LIBRARY OF CONGRESS CALL NUMBER
Classification number GN345.6
Item number .T57 2005
100 1# - MAIN ENTRY--PERSONAL NAME
Personal name Ting-Toomey, Stella.
245 10 - TITLE STATEMENT
Title Understanding intercultural communication /
Statement of responsibility, etc. Stella Ting-Toomey, Leeva C. Chung.
260 ## - PUBLICATION, DISTRIBUTION, ETC. (IMPRINT)
Place of publication, distribution, etc. Los Angeles, Calif. ;
Name of publisher, distributor, etc. Roxbury Pub. Co.,
Date of publication, distribution, etc. c2005.
300 ## - PHYSICAL DESCRIPTION
Extent xviii, 404 p. :
Other physical details ill. ;
Dimensions 26 cm.
500 ## - GENERAL NOTE
General note Includes bibliographical references (p. 355-372) and indexes.
650 #0 - SUBJECT ADDED ENTRY--TOPICAL TERM
Topical term or geographic name as entry element Intercultural communication.
650 #0 - SUBJECT ADDED ENTRY--TOPICAL TERM
Topical term or geographic name as entry element Culture shock.
650 #0 - SUBJECT ADDED ENTRY--TOPICAL TERM
Topical term or geographic name as entry element Language and culture.
650 #0 - SUBJECT ADDED ENTRY--TOPICAL TERM
Topical term or geographic name as entry element Cross-cultural orientation.
700 1# - ADDED ENTRY--PERSONAL NAME
Personal name Chung, Leeva C.,
Dates associated with a name 1965-
942 ## - ADDED ENTRY ELEMENTS (KOHA)
Source of classification or shelving scheme Library of Congress Classification
Koha item type L
Holdings
Withdrawn status Lost status Source of classification or shelving scheme Damaged status Not for loan Home library Current library Date acquired Source of acquisition Total Checkouts Full call number Barcode Date last seen Price effective from Koha item type
    Library of Congress Classification     Maasai Mara University Library -Main Campus Maasai Mara University Library -Main Campus 01/06/2017 Donation-T4C   GN345.6.T57 2005 16019552 01/06/2017 01/06/2017 L
© 2016 Maasai Mara University.